Astro Bot Rescue Mission Levels - Statistics

General Stats
  • This quiz has been taken 19 times
  • The average score is 15 of 26
Answer Stats
World Level % Correct
1-B Tooth Fairy
100%
5-3 Dojo Danger
75%
1-3 Funky Fungi
75%
2-B Hot Date
75%
1-2 Verti-Go
75%
2-4 Astro Jones
63%
4-1 Big Brother
63%
5-B Catch Of The Day
63%
??? Final Showdown
63%
2-1 Green Fingers
63%
1-1 High-Rise Hijinks
63%
3-B Little Birdie
63%
5-4 Molten Mayhem
63%
2-3 Sky Garden
63%
4-B Swingin' Sister
63%
2-2 Beachside Boogie
50%
5-2 Bots & Goblins
50%
1-4 Cliffhanger
50%
4-4 Crystal Cave
50%
3-3 Feed Willy
50%
4-2 Neon Nightride
50%
5-1 Stormy Weather
50%
3-2 Under Tales
50%
3-4 Fluffy Feathers
38%
4-3 Hot Sauce
38%
3-1 Jungle Joyride
38%
No matching quizzes found
Score Distribution
Percent of People with Each Score
Percentile by Number Answered
Your Score History
You have not taken this quiz